| 000 | 00365nam a2200145Ia 4500 | ||
|---|---|---|---|
| 008 | 221030s9999 xx 000 0 und d | ||
| 020 | _a9350143919 | ||
| 041 | _aEnglish | ||
| 100 | _aJ. B. Gupta | ||
| 245 | 0 |
_aPulse Waveshaping & Switching _cby J. B. Gupta |
|
| 260 |
_bS. K. Kataria & Sons _aNew Delhi _c2013 |
||
| 300 | _a379 | ||
| 650 | _aBB ECE | ||
| 942 | _cBK | ||
| 999 |
_c15134 _d15134 |
||